Ливонская война - Statistics

General Stats
  • This quiz has been taken 4 times
  • The average score is 19 of 26
Answer Stats
Вопрос Ответ % Correct
Король польский (1575-1586), удачный полководец, благодаря, которому Речь Посполитая вышла из критического положения и выиграла войну. Стефан Баторий
100%
Член "Избранной рады", в 1564 годубежал в Литву где повествовал про Ивана IV. Андрей Курбский
100%
Город, который стал формальнойпричиной начало Ливонской войны Дерпт
100%
Осада Дерпта 1558
100%
Ливонская война 1558-1583
100%
Взятие Полоцка русскими 1563
100%
Заключение Люблинской унии 1569
100%
Избрание польским королем Стефана Батория 1575
100%
Осада Полоцка полякими 1579
100%
Заключение Ям-Запольского мира 1582
100%
Плюсский мир 1583
100%
Член "Избранной рады", участник подписания перемирия 1559 года, попал в опалу в 1560 году, умер в 1561 в Дерпте. Алексей Адашев
67%
Территории перешедшие РечиПосполитой по Ям-Запольскому миру Полоцк, Дерпт, Изборск
67%
Заключение перемирия, которое было заключено из-за давления европейских гос-в 1559
67%
Осада Феллина 1560
67%
Виленская уния 1561
67%
Осада Пскова 1581
67%
Территории перешедшие Швециипо Плюсскому миру Нарва, Ям, Копорье, Иван-город
67%
Великий князь польский и литовский (1548-1572), участник заключения Виленских перемирий, Люблинской унии. Сигизмунд II Август
67%
Благовещенское перемирие 1503
33%
Осада Нарвы 1558
33%
Осада Мариенбурга 1560
33%
Осада Великих Лук 1580
33%
Знаменитый художник романтизма,автор полотна "Осада Пскова польским королём Стефаном Баторием в 1581 году" (Имя, фамилия, отчество) Карл Павлович Брюллов
33%
Произведение приближенного Ивана IV, в котором он повествует про царя. История о великом князе Московском
33%
Шведский король (1568-1592), который вел концептуальную переписку с Иваном Васильевичем, сын "торговца рыбой". Юхан III
33%
No matching quizzes found
Score Distribution
Percent of People with Each Score
Percentile by Number Answered
Your Score History
You have not taken this quiz